000 00315 a2200121 4500
001 64447
082 _a621.38132 EIS
090 _c38069
_d38069
100 _aEisenstadt.W.R
245 _aMicrowave Differential Circuit Design With CD
_hEnglish
260 _aBosten
_bArtech House
_c2006
300 _axvi, 226p.
942 _aCAE NUST
_k621.38132 EIS
999 _c299520
_d299520